00517nam a2200121Ia 4500008004100000082001500041100004600056245014700102260001500249942001100264999001700275952010300292230320s9999||||xx |||||||||||||| ||spa|| aTMG/2018/1 aChanganaquí Saldaña, Margarita Isabel 0aEstilos De Liderazgo Directivo Y La Calidad De Gestión Educativa Desde La Percepción Docente De Cuatro Instituciones Educativas Públicas bLima, 2018 80cLIB c49835d49835 00104070aBC01bBC01d2023-03-20l0oTMG/2018/1p030966r2023-03-20 00:00:00t2w2023-03-20yLIB